000 01573cam a2200493 4500
003 PE-LiUPU
005 20250731184547.0
020 _a071882901
035 _a(Sirsi) i071882901
035 _a(Sirsi) 33699
035 _a(Sirsi) 33699
041 _aen
044 _aus
082 0 4 _a956.9442
_bA88
100 1 _aAuld, Graeme
245 _aJerusalem I:
_bfrom the bronze age to the Maccabees.
264 1 _aCambridge :
_bThe Lutterworth Press,
_c1996
300 _a100 páginas :
_bilustraciones ;
_c21 cm.
490 0 _aCities of the Biblical World
_v
504 _aIncluye bibliografía
505 0 _aOrientation -- Jerusalem's Development -- Temple and King's House -- Life and death in Ancient Jerusalem -- Visiting ancient Jerusalem.
526 _aP136
526 _aP135
526 _aP134
526 _aP133
526 _aP144
526 _aP143
526 _aP87
526 _aP35
526 _aP20
526 _aP14
526 _aP10
526 _aP06
650 1 4 _aJERUSALEN
_xHISTORIA
_yEPOCA ANTIGUA
650 1 4 _aJERUSALEN
_xHISTORIA
_yEDAD DE BRONCE
650 1 4 _aCIUDADES EN LA BIBLIA (JERUSALEN)
942 _2ddc
_cBOOK
949 _a956.9442 A88
_i44726
_lPOSTGRADO
_mBUL
_tLIBRO
_o.STAFF. Posgrado
859 _q44726
_h956.9442
_iA88
596 _a1
999 _a956.9442 A88
_wDEWEY
_c39794
_i44726
_f2021-11-12
_g5
_lCCODEBUL1
_mBUL
_p15.00
_r0
_sY
_tBOOK
_u2015-6-25
_xTEOLOGIA
_zUNKNOWN
_0COMPRA
_o.STAFF. Colección General
_d39794
980 _81
_gALBERTO SANCHEZ Responsable de Automatización